Los gemidos

Saved in:
Bibliografiske detaljer
Hovedforfatter: Rokha, Pablo de (autor)
Format: Bog
Sprog:spansk
Udgivet: Santiago Cóndor 1922
Udgivelse:1a. ed
Fag:
Tags: Tilføj Tag
Ingen Tags, Vær først til at tagge denne postø!

MARC

LEADER 00000nam a2200000 a 4500
001 UCJ3474
003 CL-VaPUC
008 070124e19220000CL |||||||||||||||||spa|d
082 0 4 |a Ch861  |b ROK  |2 21 
100 |a Rokha, Pablo de   |e autor  |9 506833 
245 1 4 |a Los gemidos 
250 |a 1a. ed 
300 |a 392 p 
942 |c BK 
945 |d 20070124 00:00:00  |a rinostro 
260 |a Santiago  |b Cóndor  |c 1922 
500 |a Retrato del autor por José Romo. Ex libris 
600 0 7 |a ROMO, JOSE  |2 CL-VaPUC  |9 505334 
600 0 7 |a DIAZ LOYOLA, PABLO  |2 CL-VaPUC  |9 505335 
650 0 |a Poesía   |9 265825 
650 0 |a Antipoesía  |9 505336 
650 7 |a PREMIO NACIONAL DE LITERATURA 1965  |2 CL-VaPUC  |9 505337 
583 |a last modification  |c 20070124 00:00:00  |k Rodrigo Vera 
999 |c 319596  |d 319594 
952 |0 0  |1 0  |4 0  |6 CH_861_000000000000000_ROK_1922  |7 0  |8 X  |9 397947  |a FDOBUD  |b FDOBUD  |d 2019-11-22  |i 1004077  |o Ch861 ROK 1922  |p 1004077  |r 2019-11-22  |w 2019-11-22  |y BK_X  |k BUD